| 000 | 00576nam a2200193Ia 4500 | ||
|---|---|---|---|
| 003 | OCoLC | ||
| 005 | 20150804073843.0 | ||
| 008 | 070117s2006 si a b 001 0 chi d | ||
| 020 | _a9789712362392 | ||
| 050 | 0 | 0 |
_aJA 86 _b.L431 2013 |
| 100 | 1 | _aLazo, Ricardo S. | |
| 245 | 1 | 0 |
_aIntroduction to political science / _cRicardo S. Lazo |
| 250 | _aRevised edition | ||
| 260 |
_aManila : _bRex Book Store, _c2013. |
||
| 300 |
_axviii, 345 pages ; _c26 cm. |
||
| 500 | _aIncludes bibliographical references and indexes. | ||
| 650 | 0 | _aPolitical science. | |
| 942 |
_2lcc _cBK _kLOC |
||
| 999 |
_c284810 _d284810 |
||